| Tag |
First Indicator |
Second Indicator |
Subfields |
| LEADER |
00000cam a2200000Ii 4500 |
| 001 |
in00003962921 |
| 005 |
20180718085605.0 |
| 008 |
170626t20182018enkab b 001 0 eng d |
| 020 |
|
|
|a 1526122731
|
| 020 |
|
|
|a 9781526122735
|
| 035 |
|
|
|a (OCoLC)ocn991065188
|
| 040 |
|
|
|a YDX
|e rda
|c YDX
|d BDX
|d BWK
|d CDX
|d UtOrBLW
|
| 043 |
|
|
|a f------
|
| 049 |
|
|
|a TXAM
|
| 050 |
|
4 |
|a UA855
|b .E44 2018
|
| 082 |
0 |
|
|a 355/.03306
|2 23
|
| 100 |
1 |
|
|a Emerson, Stephen A.,
|e author.
|0 http://id.loc.gov/authorities/names/no2014075027
|
| 245 |
1 |
0 |
|a African security in the twenty-first century :
|b challenges and opportunities /
|c Stephen Emerson and Hussein Solomon.
|
| 264 |
|
1 |
|a Manchester :
|b Manchester University Press,
|c [2018]
|
| 264 |
|
4 |
|c ©2018
|
| 300 |
|
|
|a xi, 291 pages :
|b illustrations, maps ;
|c 25 cm.
|
| 336 |
|
|
|a text
|b txt
|2 rdacontent
|
| 337 |
|
|
|a unmediated
|b n
|2 rdamedia
|
| 338 |
|
|
|a volume
|b nc
|2 rdacarrier
|
| 504 |
|
|
|a Includes bibliographical references (pages [260]-286) and index.
|
| 650 |
|
0 |
|a National security
|z Africa.
|0 http://id.loc.gov/authorities/subjects/sh2010103178
|
| 650 |
|
0 |
|a Human security
|z Africa.
|
| 650 |
|
0 |
|a Internal security
|z Africa.
|
| 651 |
|
0 |
|a Africa
|x Politics and government
|y 21st century.
|
| 700 |
1 |
|
|a Solomon, Hussein,
|e author.
|0 http://id.loc.gov/authorities/names/no00027286
|
| 945 |
|
|
|b 518622
|
| 947 |
|
|
|a A14850538886
|
| 948 |
|
|
|a cataloged
|b h
|c 2018/4/13
|d c
|e dmitchel
|f 2:30:20 pm
|
| 994 |
|
|
|a 92
|b TXA
|
| 999 |
f |
f |
|s fe3f4740-c08c-3ee1-8041-ffc97a888164
|i aae82970-6bba-3eb4-9086-22a8105399a3
|t 0
|
| 952 |
f |
f |
|p normal
|a Texas A&M University
|b College Station
|c Sterling C. Evans Library
|d Evans: Library Stacks
|t 0
|e UA855 .E44 2018
|h Library of Congress classification
|i unmediated -- volume
|m A14850538886
|
| 998 |
f |
f |
|a UA855 .E44 2018
|t 0
|l Evans: Library Stacks
|